000 00705nam a2200241Ia 4500
003 OSt
005 20220923212411.0
006 a|||||r|||| 00| 0
007 ta
008 220922b |||||||| |||| 00| 0 hin d
024 _a152,621
037 _cTextual
040 _aARTS
_cARTS
_bhin
041 _2hin
_ahin
082 _aN82, 152L3
100 _aपरांजपे, शरच्चन्द्र श्रीधर
245 0 _aसंगीत बोध
246 _aSangīt bodha
250 _aसंस्क 7
260 _c1973
942 _hN82, 152L3
_cTEXL
_2CC
999 _c308270
_d308270